000 00565nam a2200205 4500
001 114013
003 ES-MaACL
005 20240222150538.0
007 t|
008 061121s1967 sp r ||||1| spa d
100 1 _aPaine, Robert.
_988327
245 1 0 _aStalin /
_cRobert Paine.
250 _a[1ª ed.].
260 _aBarcelona [etc.] :
_bBruguera,
_c1967.
300 _a648 p. 8 láms. ;
_c24 cm.
600 1 4 _aStalin, Iosif Vissarionovich,
_d1879-1953
_9107862
852 _aES-MaACL
_jC-32357
_bR.63098
942 _2udc
999 _c114013
_d114013